000 00892nam a22002295i 4500
001 166949
003 ES-MaACL
005 20250829175032.0
008 960520s1812 sp |||| | spa d
040 _aAR
_bspa
_cCCPB | SIC
080 _a946.0"1808/1814"(093)
245 0 0 _aVallesteros /
_c[por el Patriota Andaluz].
260 _aCadiz :
_bImp. Tormentaría al cargo de D. Juan Domingo Villegas,
_c1812.
300 _a8 p. ;
_c20 cm.
594 _aTítulo tomado de principio del texto.
594 _aEl autor consta a final del texto.
596 _aEl pie de imprenta consta en el colofón.
600 1 7 _aBallesteros López, Francisco,
_d1770-1833
_2
_9125789
651 4 _aEspaña-
_xHistoria-
_y1808-1814, Guerra de la Independencia-
_vFuentes.
_9142504
852 _aES-MaACL
_jR-3308(1)
_z-- Enc. piel grab. con hierros
_z-- Enc. en un vol. facticio
999 _c166949
_d166949